Memoria de mis putas tristes /

Guardado en:
Autor Principal: García Márquez, Gabriel
Formato: Libro
Publicado: Buenos Aires : Sudamericana
Materias:
Etiquetas: Agregar Etiqueta
Sin Etiquetas, Sea el primero en etiquetar este registro!
LEADER 00688nam a22002415a 4500
001 CEM.cems011668
005 20070927104256.0
008 130507b######################000#0#####d
003 CEMS
020 |a 9500725878 
082 0 4 |a C863.4 
100 1 |a García Márquez, Gabriel 
245 1 0 |a Memoria de mis putas tristes /  |c Gabriel García Márquez 
260 |a Buenos Aires :  |b Sudamericana 
300 |a 109 p. 
653 |a Literatura 
653 |a Literatura colombiana 
653 |a Novelas 
653 |a Literatura siglo xx 
653 |a Novelas colombianas 
653 |a Narrativa 
653 |a Narrativa colombiana 
859 |a CEMS  |b BIB. CEMS - 11 de abril  |h C863.4  |i G165-16  |p 22627.04  |t Ej.1